| 000 | 00526nam a2200181Ia 4500 | ||
|---|---|---|---|
| 999 |
_c16067 _d16067 |
||
| 003 | OSt | ||
| 005 | 20200606115848.0 | ||
| 008 | 190216s9999||||xx |||||||||||||| ||und|| | ||
| 020 | _a8185338434 | ||
| 040 | _cMESKC library | ||
| 082 |
_a894.8273 _bRED/T |
||
| 100 |
_aVenkatreddy, Y C P _9351 |
||
| 245 | 0 |
_aTelugu Ki Shreshtha Kahaniyan / _cY C P Venkatreddy |
|
| 260 |
_bDiksha Prakashan, _aDelhi: _c2000. |
||
| 300 | _a206p | ||
| 650 | _aHindi | ||
| 942 |
_cBK _2ddc _h894.8273 _iRED/T _k894.8273 _mRED/T |
||